101 hướng dẫn thiết thực - Tennis

Phương pháp luyện tập môn thể thao Tennis, những giải đáp, những điểm cốt lõi mà bạn có thể nắm bắt được ngay.

Gespeichert in:
Bibliographische Detailangaben
Format: Buch
Sprache:Undetermined
Veröffentlicht: Đà Nẵng Nhà xuất bản Đà Nẵng 2006
Schlagworte:
Tags: Tag hinzufügen
Keine Tags, Fügen Sie den ersten Tag hinzu!
Thư viện lưu trữ: Trung tâm Học liệu Trường Đại học Cần Thơ
LEADER 00695nam a2200193Ia 4500
001 CTU_118550
008 210402s9999 xx 000 0 und d
020 |c 32000 
082 |a 796.342 
082 |b M458 
245 0 |a 101 hướng dẫn thiết thực - Tennis 
245 0 |c Saigonbook 
260 |a Đà Nẵng 
260 |b Nhà xuất bản Đà Nẵng 
260 |c 2006 
520 |a Phương pháp luyện tập môn thể thao Tennis, những giải đáp, những điểm cốt lõi mà bạn có thể nắm bắt được ngay. 
650 |a Tennis 
904 |i Hiếu 
980 |a Trung tâm Học liệu Trường Đại học Cần Thơ